00786nam a22002177a 4500003000900000005001700009007000300026008004100029040002500070082001600095100004700111245004200158260004200200300002200242500006100264590002700325910001400352942001300366952017200379999001700551DO-SdBNP20220926150322.0ta110713s1925 dr r 000 p spa d aDO-SdBNPbspacBNPHU axxxxbM843d1 aMoreno Jimenes, Domingo,d1894-198691953410aDiario de la aldea /cMoreno Jimenes. aSanto Domingo :bColina Sacra,c1925. a[24] p. ;c16 cm. aautografiado por el autor para Francisco Prats Ramírez aInventariado, 2022/ YL aYLockward 2ddccLF2 00102ddc51708DS-FRVaBNPHUbBNPHUcCTd2022-09-26l0oxxxx M843dp2022-4082r2022-09-26w2022-09-26yLF2zPerteneció a la biblioteca personal de Martínez Boog. c52473d52473